01254nam a22001697a 450000500170000000800410001704000250005804100080008304400070009124503610009826001310045930000210059050000510061152003340066265000230099665000650101920150202082940.0131112b2009 ck ||||| |||| 00| 0 spa d aCO-BoIAVHcCO-BoIAVH aspa ack aImplementar las herrmientas de manejo de paisaje negocidas y concretadas por el equipo tecnico de los convenio con la Car en la zona de la reserva forestal laguna de Pedro Palo cerro Manjuí y sitios prorizados en el distrito de manejo integrado DMI cuchilla de peñas blancas y el subia, en el departamento de CundinamarcabInforme final de actividades  aBogotabInstituto de Investigación de Recursos Biológicos Alexander von HumboldtbCorporación Autónoma Regionalc2009 a25 p.bilc27 cm aInforme tecnico contrato Nº 09-08-330-0138 PS aImplementar las herramientas de manejo de paisaje negociadas y concretas por el equipo tecnico de los convenios con la CAR en la zona de la Reserva Forestal Laguna de Pedro Palo- Cerro Manjuí y sitios priorizados en el Distrito de Manejo Integrado DMI Cuchilla de Peñas Blancas y el Subia, en el departamento de Cundimanarca. aManejo de paisaje  aCorredores biológicoszLaguna de pedro palo (Cundinamarca)